| 000 | 00578nam a2200193 a 4500 | ||
|---|---|---|---|
| 001 | 1998 | ||
| 003 | CDMR | ||
| 005 | 20131001104556.0 | ||
| 008 | 130130s1980||||||||||||||||||||||||||||d | ||
| 020 | _a8431306769 | ||
| 040 |
_aCDMR _bcat _cCDMR |
||
| 100 | 1 |
_aAguilera Gamoneda, Joaquim de _9591 |
|
| 245 | 1 | 3 |
_aLa educación por televisión _b: un servicio público desatendido _cJoaquin de Aguilera |
| 260 |
_aPamplona _c1980 _bEUNSA |
||
| 300 |
_a261 p ; _c22 cm |
||
| 490 | 0 | _aCiencias de la información (Eunsa) | |
| 650 | 0 | 4 |
_92782 _aTelevisió en l'ensenyament |
| 942 |
_cMON _2udc |
||
| 999 |
_c1998 _d1998 |
||